| 000 | 02048cam a22004814i 4500 | ||
|---|---|---|---|
| 003 | PE-LiUPU | ||
| 005 | 20250731183437.0 | ||
| 008 | 150706s r 000 0 d | ||
| 020 | _a9786124057496 | ||
| 035 | _a(Sirsi) i9786124057496 | ||
| 040 |
_aPE-LiUPU _bspa _cPE-LiUPU _erda |
||
| 049 | _aPRUA | ||
| 082 | 0 | 4 |
_a720.98525 _bLT _221 |
| 110 | 2 |
_aPontificia Universidad Católica del Perú. Facultad de Arquitectura y Urbanismo _9534 |
|
| 245 | 1 | 0 |
_aArquitectos/arquitectas. Pioneros/pioneras / _cAlonso Molina.. [et al.] ; Editor Wiley Ludeña Urquizo. |
| 264 | 1 |
_aLima : _bPontificia Universidad Católica del Perú, _c2011. |
|
| 300 |
_a212 páginas : _bilustraciones ; _c30 cm. |
||
| 336 |
_atext _2rdacontent |
||
| 337 |
_aunmediated _2rdamedia |
||
| 338 |
_avolume _2rdacarrier |
||
| 490 | 0 | _aMateriales de investigación | |
| 500 | _aVolumen temático. | ||
| 504 | _aIncluye referencias bibliográficas. | ||
| 505 | 0 | _aJulio Ernesto Lattini. Obra en el Perú. (1855-1954) -- Augusto Benavides Diez Canseco. El "estilo andino". (1889-1975) -- Mujer y arquitecta en el Perú. Pioneras -- Augusto Guzmán Robles. Modernidad y transición. (1899-1985) -- Santiago Agurto Calvo. La arquitectura como compromiso. (1921-2010). | |
| 526 | _aP158 | ||
| 526 | _aP146 | ||
| 526 | _aP17 | ||
| 526 | _aP12 | ||
| 526 | _aP06 | ||
| 600 | 1 |
_aLattini, Julio Ernesto. _d1855-1954 |
|
| 600 | 1 |
_aBenavides Diez Canseco, Augusto. _d1889-1975 |
|
| 600 | 1 |
_aGuzmán Robles, Augusto. _d1899-1985 |
|
| 600 | 1 |
_aAgurto Calvo, Santiago. _d1921-2010 |
|
| 650 | 1 | 4 | _aArquitectos peruanos. |
| 650 | 2 | 4 |
_aArquitectura peruana _ySiglo XX. |
| 650 | 2 | 4 |
_aArquitectos _zPerú _vBiografías. |
| 700 | 1 |
_aLudeña Urquizo, Wiley, _eed. |
|
| 910 | _afsr | ||
| 942 |
_2ddc _cBOOK |
||
| 949 |
_a720.98525 LT 2 _wDEWEY _c1 _i66349 _lCCODEBUL1 _mBUL _p21.00 _r0 _sY _tBOOK _u2015-7-6 _xINGENIERIA _o.STAFF. Colección General |
||
| 980 |
_81 _gALBERTO SANCHEZ Responsable de Automatización |
||
| 999 |
_c54611 _d54611 |
||